[Event "Elenite"]
[Site "Elenite"]
[Date "1993.??.??"]
[Round "8"]
[White "Tukmakov, Vladimir B"]
[Black "Sokolov, Ivan"]
[Result "0-1"]
[WhiteElo "2600"]
[BlackElo "2610"]
[Annotator "Hansen,Cu"]
[PlyCount "84"]
[EventDate "1993.??.??"]
[EventType "tourn"]
[EventRounds "11"]
[EventCountry "BUL"]
[EventCategory "14"]
[SourceTitle "CBM 038"]
[Source "ChessBase"]
[SourceDate "1994.02.01"]
[SourceVersion "1"]
[SourceVersionDate "1994.02.01"]
[SourceQuality "1"]

1. d4 d5 2. c4 c6 3. Nf3 dxc4 4. e3 b5 5. a4 e6 6. b3 b4 (6... Bb4+ 7. Bd2
Bxd2+ 8. Nfxd2 (8. Nbxd2 c3 9. Ne4 b4 10. Ne5 Nf6 11. Qf3 (11. Ng5 O-O 12. Bd3
h6 13. h4 Ba6 14. Bxa6 Nxa6 15. Qc2 Qd5 16. O-O-O Nc5 $17 {Kozul,Z-Sokolov,I/
Kroatien tt/1993/}) 11... O-O (11... a5 12. Bd3 Ra7 13. Nc5 O-O 14. O-O-O Nd5
15. Qh3 g6 16. Qg3 Qc7 17. e4 Nb6 18. f4 $44 {Hodgson,J-Piket,J/Wijk/1993/})
12. Bd3 a5 13. g4 Ba6 14. Bc2 $13 {Arencibia,WR-Remon,A/Capablanca mem-B/1992/}
) (8. Qxd2 cxb3 9. axb5 Ne7 10. Qb4 Bb7 11. Nbd2 O-O 12. Qxb3 Nd7 13. bxc6 Bxc6
14. Ba6 $14 {Scheeren,P-Piket,J/Nederland tt/1991/}) 8... a5 (8... e5 9. axb5
exd4 10. Nxc4 Be6 11. Qxd4 Qxd4 12. exd4 $16 {Osnos,V-Vorotnikov,V/USSR/1985/})
(8... b4 9. Nxc4 Nf6 10. Be2 O-O 11. Bf3 $14 {Burmakin,V-Varga,Z/Portal Kupa
Szeged op/1993/}) (8... bxa4 9. bxc4 Nf6 10. Be2 O-O 11. O-O Qc7 12. c5 $16 {
Soffer,R-Varga,Z/Budapest/1993/}) 9. bxc4 b4 10. c5 Ne7 (10... Nf6 11. Nc4 O-O
12. Nbd2 Ba6 13. Nb6 Ra7 14. Bxa6 Rxa6 15. Nb3 Nbd7 {Szabolcsi,J-Baburin,A/
Budapest nuovo/1992/}) 11. Nc4 O-O 12. Bd3 Ba6 13. Nbd2 $14 {Gleizerov,
E-Maljutin,E/Alekhine mem op/1992/}) (6... a5 7. bxc4 b4 8. Bd3 Nd7 9. Bb2 Ngf6
10. O-O c5 $13 {Rokhlin,Y-Ericson,A/corr-5 WCH/1965/}) (6... Nf6 7. bxc4 bxc4
8. Bxc4 Ba6 9. Qc2 $14 {Moller,J-Jacobsen,E/Copenhagen/1923/}) 7. Bxc4 Nf6 8.
Nbd2 (8. O-O Nbd7 9. Qe2 Be7 10. Bb2 O-O 11. Nbd2 c5 $10 {Maric,A-Ruban,V/
Hastings B/1991/}) 8... Bb7 (8... Be7 9. Bb2 O-O 10. g4 Bb7 11. g5 Nd5 12. Ne4
$14 {Horvath,C-Kroeze,F/Leeuwarden op/1993/}) 9. O-O Be7 10. Bb2 Nbd7 11. Qe2
a6 {/\c6-c5,><b5} (11... c5 $6 12. dxc5 Nxc5 13. Bb5+) (11... a5 $5) 12. Rfd1
O-O 13. Ne5 (13. e4 c5 14. dxc5 (14. d5 exd5 15. exd5 Nxd5 16. Ne4 N7b6 $17) (
14. e5 Nd5 $10) 14... Qc7 $10) 13... c5 14. dxc5 (14. Ndf3 $5 cxd4 (14... Nxe5
$6 15. dxe5 Nd7 16. a5 $14) 15. Bxd4 $14) 14... Nxc5 15. Rac1 (15. Ne4 $5 Qc7 (
15... Qa5 16. Nxc5 Bxc5 17. Nd7 Nxd7 18. Rxd7 Bc6 19. Qg4 $40) (15... Qb8 16.
Nxc5 Bxc5 17. Nd7 $14) 16. Nxc5 Bxc5 17. Rac1 $14) 15... Qa5 16. Ng4 Ncd7 (
16... Nxg4 $2 17. Qxg4 g6 18. Qd4 $16) 17. Bd3 {/\Nc4} Rfd8 18. Nc4 Qg5 19.
Nxf6+ Bxf6 20. f4 Qh4 21. g3 (21. Na5 Bxb2 22. Qxb2 Nc5 $1 $8 23. Nxb7 (23.
Bxh7+ Qxh7 24. Rxd8+ Rxd8 25. Rxc5 Rd1+ 26. Kf2 Qh4+ $19) (23. Rxc5 Rxd3) 23...
Nxd3 24. Qc2 Nxc1 25. Nxd8 Rxd8 26. Rxd8+ Qxd8 27. Qxc1 $10) 21... Qh3 22. Na5
Bxb2 23. Nxb7 (23. Qxb2 Bf3 $13) 23... Bxc1 24. Nxd8 Rxd8 (24... Bxe3+ $2 25.
Qxe3 Rxd8 26. Bxa6 $16) 25. Rxc1 a5 26. Be4 $1 (26. Rd1 {/\Bb5} Rc8 27. Ba6 (
27. Bxh7+ Qxh7 28. Rxd7 Qb1+ $17) 27... Rc7 28. Bb5 Nf8 $10) 26... Nf6 27. Qd2
$6 (27. Bg2 $5 Qf5 (27... Qh6 28. Rc5 Qg6 29. e4 $16) (27... Qg4 28. Qd2 Rf8
29. e4 $16 {/\e4-e5}) 28. e4 $14) 27... Rf8 28. Bg2 Qf5 29. Qd4 h5 30. h3 $6 (
30. e4 {/\e4-e5} Qg6 31. Rc5 $5 $16 (31. e5 Nd5 (31... Ng4 32. Be4 $14) 32.
Bxd5 Rd8 $14)) 30... Re8 $1 {/\e6-e5} 31. Rc5 $6 (31. e4 e5 $1 $8 (31... Qg6
32. e5 $16) 32. Qd3 (32. Qxb4 Qxh3 $1 $13) 32... Qe6 $13 {ץg2}) (31. Kh2 e5
$132) 31... Qb1+ 32. Kh2 Qxb3 33. Rxa5 Nd5 $1 $15 34. Rb5 Qxa4 35. Rb7 Qa6 36.
Bxd5 exd5 37. Qxd5 Qe2+ 38. Kh1 Rf8 $1 $17 {עh1,} 39. e4 Qf1+ 40. Kh2 h4 41.
gxh4 Qxf4+ 42. Kg2 Rc8 0-1

[Event "Copenhagen BSF"]
[Site "Copenhagen"]
[Date "1995.??.??"]
[Round "3"]
[White "Pinter, Jozsef"]
[Black "Moskalenko, Viktor"]
[Result "0-1"]
[WhiteElo "2555"]
[BlackElo "2525"]
[Annotator "Hansen,Cu"]
[PlyCount "134"]
[EventDate "1995.03.??"]
[EventType "tourn"]
[EventRounds "11"]
[EventCountry "DEN"]
[EventCategory "12"]
[SourceTitle "CBM 046"]
[Source "ChessBase"]
[SourceDate "1995.06.01"]
[SourceVersion "1"]
[SourceVersionDate "1995.06.01"]
[SourceQuality "1"]

1. d4 d5 2. Nf3 Nf6 3. c4 c6 4. Qc2 g6 5. Bf4 Bf5 6. Qb3 Qb6 7. c5 Qxb3 8. axb3
Bxb1 (8... Nbd7 9. Nc3 (9. b4 a6 10. Nc3 Rc8 11. h3 Bg7 (11... Ne4 12. g4 Nxc3
13. bxc3 Be4 14. Rg1 Bxf3 15. exf3 Bg7 16. Be3 e6 17. Kd2 O-O 18. f4 f5 19. g5
Kf7 20. h4 h5 21. Kc2 Rfd8 22. Bd3 Nf8 23. Rge1 Rd7 24. Ra2 {1/2-1/2
Rashkovsky,N-Smyslov,V/Palma GMA-op (8) 1989}) 12. e3 O-O 13. Bh2 Rfe8 14. Be2
Ne4 15. g4 Nxc3 16. bxc3 Be4 17. Rg1 Bxf3 18. Bxf3 e5 19. Kd2 $14 {Horvath,
G-Varga,Z/HUN-ch/1989/}) (9. Nbd2 a6 10. h3 Bg7 11. b4 O-O 12. e3 Rfe8 13. Nb3
Be4 14. Ne5 Nxe5 15. Bxe5 $14 {Matlak,M-Trichkov,V/Prague Bohemians-B/1992/})
9... Bg7 (9... a6 10. h3 Bg7 11. e3 (11. g4 Be4 12. Rg1 Bxf3 13. exf3 O-O 14.
Kd2 Rfe8 15. Re1 h6 16. Na4 Nh7 17. Be3 e5 18. dxe5 Nxe5 19. Be2 Ng5 20. Bxg5
hxg5 $17 {Ksieski-Sokolova/Wuerzburg op/1991/}) 11... h6 12. Be2 O-O 13. b4
Rac8 14. O-O Ne8 15. g4 Be6 16. Nd2 g5 17. Bh2 f5 18. Nb3 f4 19. exf4 gxf4 20.
Rfe1 Nc7 21. Bf3 h5 22. g5 Bxh3 23. Rxe7 Rf5 24. Kh1 Nf8 25. Rg1 Nfe6 {1/2-1/2
Schulte,O-Franke,H/BL 8889 Sindelfingen-Solingen [3] 1988}) 10. e3 O-O 11. h3
h6 12. g4 Bc2 13. b4 g5 14. Bg3 a6 15. Be2 Ne4 16. Bh2 f5 17. O-O f4 18. h4 e5
$17 {Schulte,O-Roeder,F/BL/1986/}) (8... Bg7 9. h3 (9. Nc3 O-O 10. h3 Nfd7 11.
e3 {1/2-1/2 Psakhis,L-Oll,L/Rostov 1993}) 9... O-O 10. e3 Re8 11. Nc3 Ne4 12.
Na4 Nd7 13. g4 Be6 14. b4 f6 15. Nc3 Bf7 16. Nxe4 dxe4 17. Nd2 e5 18. dxe5 Nxe5
$15 {Minscovics,M-Szelenyi,N/HUN-cht/1993/}) (8... Na6 9. Nc3 Nh5 10. Bd2 f6 (
10... Bg7 11. h3 Bc2 12. e3 Nb4 13. Nb5 Bd3 14. Nc7+ Kd7 15. Nxa8 Nc2+ 16. Kd1
Bxf1 17. Kxc2 Bxg2 18. Rhg1 Bxf3 19. Rxa7 $16 {Beljavsky,A-Van Wely,L/
Groningen/1994/}) 11. h3 Bc2 12. e3 Bxb3 13. Bxa6 bxa6 14. Rxa6 Bc4 15. Ra5 Rb8
16. Na4 Rb7 17. b4 $14 {Donaldson-Botsari/Moscow ol/1994/}) 9. Rxb1 Nbd7 (9...
Bg7 10. Ra1 Nbd7 11. h3 O-O 12. e3 Ne4 13. b4 Rfe8 14. Bd3 e5 15. dxe5 Nxe5 16.
Bxe4 dxe4 17. Nxe5 Bxe5 18. Bxe5 Rxe5 19. Ke2 a6 20. Rhd1 $14 {Miles,A-Rivas
Pastor,M/Linares/1985/}) 10. h3 Bg7 11. e3 O-O 12. b4 Ne4 (12... a6 13. Bd3
Rfe8 14. Bh2 Nf8 15. Nd2 N6d7 16. f4 f6 17. O-O e5 18. dxe5 fxe5 19. e4 Ne6 20.
exd5 cxd5 21. fxe5 Nxe5 22. Bxe5 Bxe5 23. Nf3 {1/2-1/2 King,D-Barry,C/Irish op/
1993/}) 13. Bd3 Rfe8 {/\e7-e5} 14. O-O e5 15. Bh2 (15. dxe5 Nxe5 16. Bxe4 $5 (
16. Nxe5 Bxe5 17. Bxe5 Rxe5 $10) 16... dxe4 17. Nxe5 Bxe5 18. Bxe5 Rxe5 19.
Rfd1 $14 {-> -> 9..Bg7 Miles-Rivas}) 15... a6 {><b5} 16. Rfd1 {/\17.Bxe4 dxe4
18.Nxe5+/=} Nxf2 17. Kxf2 e4 18. Bc2 exf3 19. gxf3 {/\e3-e4-e5} f5 20. Ra1 Nf6
21. Ra3 Rad8 22. Bb3 Re6 $15 {קe3} 23. Ba2 Nh5 24. b5 axb5 25. b4 {<=> <->a}
Rde8 26. Bd6 Bf6 {/\27..Bh4+ 28.Ke2 Bg5-/+} (26... f4 $2 27. e4 $16) 27. Rdd3 {
><e3} Kh8 {/^a2-g8 /\28..f4 29.e4 Rxe4!? 30.fxe4 dxe4~/= ->} 28. f4 {/\Be5,Ra7,
Rda3 +/-} g5 $1 29. Be5 Rg8 {<->g} 30. Bb3 gxf4 31. exf4 Bxe5 $1 32. fxe5 Reg6
$17 {|^ עf2, קd4,קb4} 33. Bd1 Rg2+ 34. Ke1 Ng7 {/\Ne6} 35. Rf3 Ne6 36. Rad3
Rb2 $19 37. Rxf5 Rg1+ 38. Rf1 Rxf1+ $4 (38... Nf4 $1 $19 {/\Nxd3#,/\Sg2#} 39.
Rxg1 Nxd3+ 40. Kf1 Rf2#) 39. Kxf1 Rxb4 40. Bg4 Rxd4 41. Re3 Rf4+ 42. Kg2 Nxc5
43. e6 Re4 $1 $19 44. Rxe4 Nxe4 45. e7 Nf6 46. Kf3 (46. Bc8 b4 47. Bxb7 b3 $19)
46... Kg7 47. Bh5 b4 48. Ke3 c5 49. Kd3 c4+ 50. Kc2 b3+ 51. Kb2 b6 52. h4 h6
53. Ka3 b5 54. Kb2 b4 55. e8=Q Nxe8 56. Bxe8 Kf6 57. Bc6 Ke5 58. Be8 Kd4 59.
Bf7 Kc5 60. h5 d4 61. Be6 d3 62. Kc1 Kd4 63. Bf7 Kc3 64. Be6 d2+ 65. Kd1 b2 66.
Bf5 Kb3 67. Kxd2 c3+ 0-1

[Event "Sigeman & Co 22nd"]
[Site "Malmo"]
[Date "2014.05.15"]
[Round "1"]
[White "Fressinet, Laurent"]
[Black "Blomqvist, Erik"]
[Result "1-0"]
[WhiteElo "2711"]
[BlackElo "2492"]
[Annotator "Havasi,G"]
[PlyCount "59"]
[EventDate "2014.05.15"]
[EventType "tourn"]
[EventRounds "5"]
[EventCountry "SWE"]
[EventCategory "14"]
[SourceTitle "CBM 161"]
[Source "ChessBase"]
[SourceDate "2014.07.16"]
[SourceVersion "1"]
[SourceVersionDate "2014.07.16"]
[SourceQuality "1"]

1. d4 d5 2. c4 c6 3. Nf3 Nf6 4. g3 dxc4 (4... Bf5 {is the most popular move.})
5. Bg2 Bf5 ({At the same tournament Smith preferred to play} 5... b5 {against
Hammer.} 6. Ne5 Bb7 7. O-O e6 8. b3 cxb3 9. axb3 Be7 10. Nc3 a6 11. Bg5 O-O 12.
e3 h6 13. Bxf6 Bxf6 14. Ne4 Be7 (14... Bxe5 15. dxe5 {is suggested by the
computer, but this can seem to be terrible if one can't see} c5 $1 $11) 15. Qc2
Qc7 16. Rfc1 Rc8 17. Nc5 Bxc5 18. Qxc5 Nd7 19. Nxd7 Qxd7 20. b4 Qd8 21. Ra5 Qf8
{Now, we are at a crossroads; how can White exploit the huge positional
advantage?} 22. Qc3 $5 {The first question: To exchange or not to exchange. I
like White's decision, he wants to keep queens on the board and initiate an
attack against the black king. The rule of two weaknesses can be applied.} (22.
f4 $5 Qxc5 23. Rxc5 f5 24. h3 Rc7 25. g4 Rf8 26. gxf5 exf5) 22... Qd6 23. Ra2 (
23. f4 $5 Rc7 24. Bf3 Qe7 25. Qe1 Bc8 26. Rc5 Bd7 27. g4 $36) 23... Re8 24.
Rac2 e5 $1 $11 {Hammer-Smith, Malmo SWE 2014}) 6. O-O (6. Nbd2 $5 {is another
possibility.}) 6... Nbd7 $1 {Precise move order. Black doesn't allow White to
regain the pawn by Ne5.} 7. Na3 $5 (7. a4 {is more popular.}) 7... Qa5 $2 (7...
b5 8. b3 c3 (8... cxb3 9. Ne5 $1 $14) 9. Ne5 $1 $14) (7... Nb6 {seems best as
it doesn't weaken the pawn structure and defends the c4-pawn naturally.} 8. Ne5
Be6 9. Qc2 g6 (9... Qxd4 $6 10. Nxc6 $1) 10. Naxc4 Nxc4 11. Nxc4 Bg7 $13 {
White has some space advantage, but Black's position is flexible.}) 8. Nxc4 Qa6
{This was Black's plan, but the queen is very badly placed on a6.} 9. b3 $1 g6
10. Bb2 (10. Ng5 $5 $36 {/\ e4}) 10... Bg7 11. Nfd2 $1 {This is the strongest
plan. White prepares e4. From this moment, White confidently expoloits his
advantage.} O-O 12. e4 Bg4 13. Qc2 Ne8 (13... Rac8 14. a4 $16 {A possible plan
is Rfc1, Nf1-e3.}) 14. Rfe1 {Very logical. Bf1 is the main threat.} (14. Rfc1
$5) 14... Rc8 15. Bf1 (15. Ne3 $1 Be2 (15... Be6 16. d5 $18) 16. Nd5 $1 $18)
15... b5 16. Ne3 Be6 17. a4 $1 Qb7 18. axb5 cxb5 19. Qb1 Nb8 20. d5 Bd7 21. e5
(21. Bxg7 Nxg7 22. Qb2 $16 {was also good.}) 21... e6 22. Bd4 a6 23. dxe6 (23.
Ne4 $5 $16) 23... fxe6 $2 (23... Bxe6 {is more resistant, but still after} 24.
Ne4 $16 {White is much better.}) 24. Ne4 Bc6 25. Bg2 Rd8 26. Bc5 Bxe5 27. Bxf8
Bxa1 28. Nc5 Qf7 29. Ng4 Qxf8 30. Nxe6 1-0

[Event "Dortmund SuperGM 42nd"]
[Site "Dortmund"]
[Date "2014.07.18"]
[Round "5"]
[White "Meier, Georg"]
[Black "Adams, Michael"]
[Result "1/2-1/2"]
[WhiteElo "2632"]
[BlackElo "2743"]
[Annotator "Havasi,G"]
[PlyCount "120"]
[EventDate "2014.07.12"]
[EventType "tourn"]
[EventRounds "7"]
[EventCountry "GER"]
[EventCategory "19"]
[SourceTitle "CBM 162"]
[Source "ChessBase"]
[SourceDate "2014.09.17"]
[SourceVersion "1"]
[SourceVersionDate "2014.09.17"]
[SourceQuality "1"]

1. d4 d5 2. c4 c6 3. Nf3 Nf6 4. e3 Bg4 5. Qb3 {This is one of the three most
popular moves. 5.Nc3 and 5.h3 are the other lines.} Qb6 6. Nc3 (6. Ne5 {
is the other move, but tournament practice has shown that Black is completely
fine after} Bf5) 6... e6 (6... Bxf3 7. gxf3 e6 {is also possible, not giving
White the chance of playing Nh4.}) 7. Nh4 {After this move White is going to
get the B pair, but Black's solid structure and White's temporarily passive
bishop will compensate for it.} Be7 8. h3 Bh5 9. g4 Bg6 10. Nxg6 hxg6 11. Bg2 (
11. g5 Nfd7 12. f4 Na6 $1 {A very typical motif, he wants to play play Nb4
after exchanging the Qs.} 13. Bd2 Qxb3 14. axb3 Nb4 15. Ke2 f6 16. h4 Kf7 17.
Bg2 f5 $11 {And Black seemed to have equalised in the game Morozevich-Kramnik,
Nice 2009, but later on White managed to win.}) (11. Rg1 g5 12. Bd2 Nbd7 13.
O-O-O Qxb3 14. axb3 O-O-O 15. Kc2 Nf8 16. Ra1 Kb8 17. f3 Ng6 18. c5 Rd7 19. b4
a6 $11 {Topalov-Steingrimsson, Warsaw 2013}) 11... g5 12. Bd2 (12. c5 Qxb3 13.
axb3 Na6 $1 14. Bd2 Nc7 15. f4 gxf4 16. exf4 g6 17. Be3 a6 18. Ke2 Rh7 $11 {
and Black equalised in the game Wang-Aronian, Linares 2009.}) (12. O-O Nbd7 13.
Rd1 Rd8 (13... Qc7 14. Bd2 Nb6 15. cxd5 exd5 16. Rac1 $13 {1-0 (53) Wojtaszek,
R (2713)-Perunovic,M (2617) Yerevan ARM 2014}) 14. Bd2 Nf8 15. Qxb6 axb6 $11 {
Vitiugov-Tomashevsky, Loo 2014}) 12... Nbd7 13. Qa4 (13. O-O-O Qxb3 14. axb3
O-O-O 15. f3 Nf8 16. Bf1 Ng6 17. Bd3 Rh7 $13 {Sargissian-Jakovenko, Yerevan
2014}) 13... Qc7 {A logical move. Black is threatening to play Nb6.} 14. cxd5
Nxd5 $146 (14... exd5 15. Qc2 Nb6 16. b3 a5 (16... O-O-O $5 {deserves attention
}) 17. Rc1 Qd7 18. Ne2 O-O $13 (18... Bd6 19. a4 Qe6 20. f3 Bb4 21. Bxb4 axb4
22. Kf2 (22. e4 $5) 22... Nbd7 $13 (22... Qe7 23. Qc5 Nbd7 24. Qxe7+ Kxe7 25.
Rc2 Ra5 26. Nc1 $1 {A really strong manoeuvre by Tomashevsky. He posts his N
on d3, where it will be really well placed.} c5 27. Nd3 b6 28. Rhc1 $36 {
Tomashevsky-Sjugirov, Moscow 2009}))) 15. O-O O-O 16. Rac1 Rad8 {A logical
move. Black wants to play Qb8, leaving the unpleasant c1 R's file and reaching
a solid setup after Rfe8.} (16... Nxc3 $5 17. Bxc3 (17. bxc3 {If we compare
this position to 17...Nxc3, we can see the difference easily.} b5 $1 18. Qb3
Nb6 {After which Black controls the c4-square.}) 17... a5 $11 {This seems very
solid to me, because after exchanging one pair of Ns, it will be really hard
to make progress for White.}) 17. Qc2 (17. Ne4 e5 $11) (17. Nxd5 exd5 18. Rfe1
Rfe8 $11 {and Black has a good position.}) 17... Qb8 $1 {A flexible move.} (
17... Nxc3 18. bxc3 $1 {is the difference in comparison to 16...Nxc3.}) (17...
N7b6 18. Ne4 {seems a bit pointless, because the b6 N gets out of play, but
Black has the interesting idea of} f5 19. Nc5 Bxc5 20. dxc5 Nd7 21. e4 Nf4 $13)
(17... N7f6 {is also good.}) 18. Rfd1 Rfe8 19. Ne2 Nf8 {This was Adams' idea.
He wants to play Ng6, which gives him a perfect position.} 20. a3 (20. e4 Nc7
21. Be3 Rd7 $11) 20... Ng6 21. b4 Nh4 22. Qb3 ({After} 22. Bh1 {Black makes a
useful move, for example} Rd7 $11) 22... e5 $1 (22... Nxg2 {is also good} 23.
Kxg2 e5 $132) 23. Bh1 a6 $6 (23... exd4 $1 24. Nxd4 Qe5 $132 {was a better
possibility.}) 24. a4 $6 {And another pointless move. Of course it's very
logical to continue with the b5 plan, but if we have a deep look at the
position, we can see, that Black's strongest piece is the N on d5, because it
restricts the h1 B. Therefore, if White exchanges the black N with} (24. Nc3 $1
{he makes significant progress} Nxc3 25. Bxc3 exd4 26. Bxd4 $14 {is slightly
better for White, because of his nice B pair.}) 24... exd4 $1 25. Nxd4 Nf4 $1 {
And Adams takes his chance.} 26. exf4 Rxd4 27. fxg5 Red8 {This position had to
be foreseen before 25...Nf4. Black has sacrificed a P, but controls the d-file
and has very unpleasant pressure on g5 and b4.} 28. Be3 {A logical move by
Meier, he prefers to keep his g5 P, because it seems to be more important than
the b4 P.} (28. Be1 Bxg5 (28... Qf4 $5) 29. Rxd4 Rxd4 30. Rd1 Rxd1 31. Qxd1 Qe5
$132) 28... Rxb4 29. Qc2 Qe5 $1 30. Rxd8+ Bxd8 31. Rb1 (31. Re1 Bb6 32. Qc1 Re4
$3 $15) 31... a5 (31... Rxb1+ 32. Qxb1 Bc7 $36 {was even better.}) 32. Bd2 (32.
Rxb4 $3 axb4 33. Qe4 Qa1+ 34. Kh2 Bc7+ 35. Bf4 Bxf4+ 36. Qxf4 Qe1 37. Qb8+ Kh7
38. Qf4 {and after} b3 39. Be4+ Ng6 40. h4 Kh8 41. Qb8+ Kh7 42. Qf4 {is draw.})
32... Bc7 33. Kf1 Qh2 34. Ke2 Qe5+ 35. Kf1 Qh2 36. Ke2 Rxb1 (36... Rd4 $3 $40 {
would have been a very strong attacking move, which exploits the position of
White's K.}) 37. Qxb1 Qxh3 38. Qe4 {Despite being a pawn down, White has
decent chances to reach the draw, because Black's pawns are unfortunately
placed on the queenside.} Ng6 39. Qe8+ Nf8 40. Bf3 Qh2 41. Be3 Qe5 42. Qxe5
Bxe5 43. Be4 Ne6 44. g6 Bf4 45. Bb6 Bc7 46. Be3 {After some natural moves, it
can be seen that White has equality, because Kd3-c4 secures him the blockade
of the Ps and the draw.} Kf8 47. Kd3 Ke7 48. Kc4 fxg6 49. Bxg6 Kf6 50. Bf5 g6
51. Bxe6 (51. Bc2 $11) 51... Kxe6 52. f4 Bb8 53. Bd2 Bc7 54. Be3 Bd6 55. Bd2
Kf7 56. Be3 Bb4 57. Bc1 Ke6 58. Be3 Kf7 59. Bc1 Ke6 60. Be3 Kf7 1/2-1/2

[Event "Brno-A"]
[Site "Brno"]
[Date "1994.??.??"]
[Round "2"]
[White "Haba, Petr"]
[Black "Stangl, Markus"]
[Result "1/2-1/2"]
[WhiteElo "2505"]
[BlackElo "2535"]
[Annotator "Hecht,H"]
[PlyCount "156"]
[EventDate "1994.08.??"]
[EventType "tourn"]
[EventRounds "9"]
[EventCountry "CZE"]
[EventCategory "13"]
[SourceTitle "CBM 043"]
[Source "ChessBase"]
[SourceDate "1994.12.01"]
[SourceVersion "1"]
[SourceVersionDate "1994.12.01"]
[SourceQuality "1"]

1. d4 d5 2. c4 c6 3. Nf3 dxc4 4. a4 e6 5. e3 b5 6. b3 b4 7. Bxc4 Nf6 8. O-O Be7
9. a5 O-O 10. Bd2 c5 11. dxc5 Bxc5 12. Ne5 Bd6 13. Nd3 Qe7 14. Qe2 Nc6 15. Rc1
Bd7 16. Be1 e5 17. Nd2 e4 18. Nf4 Qe5 19. Bb5 Nd4 20. exd4 Qxb5 21. Qxb5 Bxb5
22. g3 Rfd8 23. Nc4 Bf8 24. Rd1 Rac8 25. Rac1 h6 26. h4 Rd7 27. Ne3 Rxc1 28.
Rxc1 Rxd4 29. Rc8 Ne8 30. Nfd5 a6 31. Rb8 Bd6 32. Rd8 Kh7 33. Kh2 Rd3 34. Ra8
Rxb3 35. Nf5 Bc5 36. Rc8 Rf3 37. Rxc5 Rxf5 38. g4 Rf3 39. Nxb4 Nf6 40. g5 Ng4+
41. Kg2 h5 42. Nc6 Ra3 43. Ne5 Be2 44. g6+ fxg6 45. Nf7 g5 46. Nxg5+ Kg6 47.
Rc6+ Nf6 48. Bb4 Ra4 49. Bc3 e3 50. fxe3 Rxh4 51. Ne6 Rg4+ 52. Kh2 Rh4+ 53. Kg3
Rg4+ 54. Kh2 Rc4 55. Nf4+ Kg5 56. Bxf6+ gxf6 57. Rxa6 Bg4 58. Ra7 Rc2+ 59. Kg1
Kh4 60. Rg7 Ra2 61. Rg8 f5 62. a6 Kg3 63. Nxh5+ Kf3 64. Nf6 Bh3 65. Nh5 Bg4 66.
Nf6 Rxa6 67. Nxg4 fxg4 68. Rf8+ Kg3 69. Rf1 Ra2 70. e4 Rg2+ 71. Kh1 Rf2 72. Ra1
Kh3 73. Kg1 Re2 74. Ra3+ g3 75. Ra1 Rxe4 76. Rb1 (76. Kf1 $2 Kh2 $1 $19 77.
Ra2+ Kh1 78. Rb2 Rg4 79. Rg2 Rf4+ $19) 76... Re2 77. Ra1 Rg2+ 78. Kh1 Rh2+
1/2-1/2

[Event "Budapest FS12 GM-A"]
[Site "Budapest"]
[Date "2001.12.03"]
[Round "3"]
[White "Koneru, Humpy"]
[Black "Cao, Sang"]
[Result "1-0"]
[WhiteElo "2484"]
[BlackElo "2507"]
[Annotator "Hecht,H"]
[PlyCount "119"]
[EventDate "2001.11.01"]
[EventType "tourn"]
[EventRounds "13"]
[EventCountry "HUN"]
[EventCategory "10"]
[SourceTitle "CBM 087"]
[Source "ChessBase"]
[SourceDate "2002.03.21"]
[SourceVersion "1"]
[SourceVersionDate "2002.03.21"]
[SourceQuality "1"]

1. d4 Nf6 2. g3 d5 3. Bg2 c6 4. Nf3 Bg4 5. b3 e6 6. O-O Nbd7 7. c4 Be7 8. Ba3
O-O 9. Qc1 Re8 10. Qb2 h6 11. Rd1 Bf5 12. e3 b5 13. Bxe7 Qxe7 14. c5 Bg4 15. h3
Bxf3 16. Bxf3 e5 17. Nd2 exd4 18. exd4 Qe6 19. Kg2 Ne4 20. Re1 f5 21. b4 a5 22.
a3 Ndf6 23. Nb3 a4 24. Nc1 Nd7 25. Nd3 Qf6 26. Kh2 Ng5 27. Rxe8+ Rxe8 28. Bg2
Ne6 29. Re1 Rf8 30. Ne5 Nxe5 31. Rxe5 f4 32. h4 fxg3+ 33. fxg3 g6 34. Bh3 Ng7
35. Qe2 Kh7 36. Qe3 Qf2+ 37. Qxf2 Rxf2+ 38. Kg1 Rf3 {[#] Freibauernrennen mit
verpasstem Gewinn und Remis.} 39. Bd7 Rxa3 40. Bxc6 Rb3 41. Bxd5 Rxb4 42. c6
Rb1+ 43. Kf2 Rc1 44. Re1 $2 (44. Ke2 $1 b4 45. Kd2 Rc3 46. Re7 $1 a3 47. Ra7 {
praktisch liegt Zugzwang vor} h5 (47... Rxg3 48. c7 Rc3 49. Be6 $18) (47... g5
48. h5 g4 49. c7 a2 50. Bxa2 $18) 48. c7 Kh6 49. Ra8 $18) 44... Rc2+ (44...
Rxe1 45. Kxe1 Ne8 46. Bf7 Nd6 47. c7 Kg7 48. Bd5 (48. Be6 Kf6 49. c8=Q Nxc8 50.
Bxc8 a3 $19) 48... Kf6 49. Kd2 a3 50. Kc3 Ke7 51. Bc6 b4+ 52. Kb3 Nc8 53. Be4
Kd7 54. Bb1 Kxc7 55. Kxb4 $11) 45. Re2 Rc3 (45... Rxe2+ 46. Kxe2 Ne8 47. Bf7
Nd6 48. c7 Kg7 49. Bd5 Kf6 50. Kd3 Ke7 51. Bc6 a3 52. Kc3 b4+ 53. Kb3 $11 {
wie vorige Variante}) 46. Rb2 Nf5 47. Rxb5 Rc2+ (47... Nxd4 48. Rb7+ Kh8 49. c7
$18) 48. Ke1 a3 (48... Re2+ 49. Kd1 Re7 50. Kd2 Nxd4 51. Rb7 Nxc6 52. Bxc6 Rxb7
53. Bxb7 h5 54. Ke3 $1 (54. Kc3 $2 g5 55. hxg5 Kg6 56. Bg2 Kxg5 57. Bh3 Kf6 58.
Kb4 Ke5 59. Kxa4 Ke4 $11) 54... Kh6 55. Kf4 a3 56. Bd5 Kh7 57. Kg5 Kg7 58. Bb3
Kh7 59. Ba2 Kg7 60. Bb1 Kh8 61. Kh6 $1 $18 (61. Kxg6 $4 a2 62. Bxa2 {patt}))
49. Rb7+ Kh8 50. Ra7 Ne3 51. Be4 Rc3 (51... a2 52. Bxc2 a1=Q+ 53. Rxa1 Nxc2+
54. Kd2 Nxa1 55. c7 $18) 52. Kd2 Rb3 53. c7 Nc4+ 54. Kc2 Rb2+ 55. Kc1 Nd6 56.
Rxa3 ({oder auch} 56. Ra8+ Kg7 57. Rd8 $18) 56... Rb4 57. Ra8+ Kg7 58. Rd8 Rc4+
59. Bc2 Rxc7 60. Rxd6 1-0